Блок дополнительной безопасности для электрочайников; Ресурсоэффективным технологиям - энергию и энтузиазм молодых

Podrobná bibliografie
Parent link:Ресурсоэффективным технологиям - энергию и энтузиазм молодых.— 2014.— [С. 222-223]
Hlavní autor: Толмачев С. А.
Korporativní autor: Национальный исследовательский Томский политехнический университет (ТПУ) Институт кибернетики (ИК) Кафедра оптимизации систем управления (ОСУ)
Další autoři: Великосельский К. В. (научный руководитель), Мозгалева П. И. Полина Игоревна
Shrnutí:Заглавие с титульного экрана
Jazyk:ruština
Vydáno: 2014
Edice:Инициативные проекты
Témata:
On-line přístup:http://earchive.tpu.ru/handle/11683/66081
http://www.lib.tpu.ru/fulltext/c/2014/C08/094.pdf
Médium: Elektronický zdroj Kapitola
KOHA link:https://koha.lib.tpu.ru/cgi-bin/koha/opac-detail.pl?biblionumber=606626

MARC

LEADER 00000naa2a2200000 4500
001 606626
005 20260303161826.0
035 |a (RuTPU)RU\TPU\conf\4005 
035 |a RU\TPU\conf\3999 
090 |a 606626 
100 |a 20140604d2014 k y0rusy50 ca 
101 0 |a rus 
102 |a RU 
135 |a drgn ---uucaa 
181 0 |a i  
182 0 |a b 
200 1 |a Блок дополнительной безопасности для электрочайников  |f С. А. Толмачев, К. В. Великосельский  |g науч. рук. П. И. Мозгалева 
203 |a Текст  |c электронный 
225 1 |a Инициативные проекты 
300 |a Заглавие с титульного экрана 
320 |a [Библиогр.: с. 223 (1 назв.)] 
337 |a Adobe Reader 
463 1 |0 (RuTPU)RU\TPU\conf\3591  |t Ресурсоэффективным технологиям - энергию и энтузиазм молодых   |o Сборник научных трудов V Всероссийской конференции студентов элитного технического образования, г. Томск, 25 -27 марта 2014 г.  |f Национальный исследовательский Томский политехнический университет (ТПУ)   |v [С. 222-223]  |d 2014 
610 1 |a труды учёных ТПУ 
610 1 |a электронный ресурс 
610 1 |a безопасность 
610 1 |a электрочайники 
610 1 |a отключение 
610 1 |a блок-схемы 
700 1 |a Толмачев  |b С. А. 
701 1 |a Великосельский  |b К. В. 
702 1 |a Мозгалева  |b П. И.  |c специалист в области информатики и вычислительной техники  |c эксперт Томского политехнического университета, ассистент  |f 1987-  |g Полина Игоревна  |4 727 
712 0 2 |a Национальный исследовательский Томский политехнический университет (ТПУ)  |b Институт кибернетики (ИК)  |b Кафедра оптимизации систем управления (ОСУ)  |3 (RuTPU)RU\TPU\col\18702 
801 2 |a RU  |b 63413507  |c 20210709  |g RCR 
856 4 |u http://earchive.tpu.ru/handle/11683/66081 
856 4 |u http://www.lib.tpu.ru/fulltext/c/2014/C08/094.pdf 
942 |c CF